Molecular Thermodynamics / (Record no. 12140)

MARC details
000 -LEADER
fixed length control field 01245cam a2200313 i 4500
001 - CONTROL NUMBER
control field 4509053
003 - CONTROL NUMBER IDENTIFIER
control field EG-ScBUE
005 - DATE AND TIME OF LATEST TRANSACTION
control field 20250716092938.0
008 - FIXED-LENGTH DATA ELEMENTS--GENERAL INFORMATION
fixed length control field 981009t1999 caua f b 001 0 eng d
020 ## - INTERNATIONAL STANDARD BOOK NUMBER
International Standard Book Number 189138905X (acidfree paper)
020 ## - INTERNATIONAL STANDARD BOOK NUMBER
International Standard Book Number 9781891389054
040 ## - CATALOGING SOURCE
Original cataloging agency DLC
Transcribing agency DLC
Modifying agency DLC
082 04 - DEWEY DECIMAL CLASSIFICATION NUMBER
Classification number 541.369
Edition number 22
Item number MCQ
100 1# - MAIN ENTRY--PERSONAL NAME
Personal name McQuarrie, Donald A.
Fuller form of name (Donald Allan)
Relator term author.
9 (RLIN) 7324
245 10 - TITLE STATEMENT
Title Molecular Thermodynamics /
Statement of responsibility, etc Donald A. McQuarrie, University of California, Davis, John D. Simon, George B. Geller professor of chemistry, Duke University.
264 #1 - PUBLICATION, DISTRIBUTION, ETC. (IMPRINT)
Place of publication, distribution, etc Sausalito, California :
Name of publisher, distributor, etc University Science Books,
Date of publication, distribution, etc [1999]
264 #4 - PUBLICATION, DISTRIBUTION, ETC. (IMPRINT)
Date of publication, distribution, etc c1999
300 ## - PHYSICAL DESCRIPTION
Extent xiii, 656 pages :
Other physical details illustrations ;
Dimensions 26 cm
336 ## - CONTENT TYPE
Source rdacontent
Content type term text
Content type code txt
337 ## - MEDIA TYPE
Media type term unmediated
Source rdamedia
Media type code n
338 ## - CARRIER TYPE
Carrier type term volume
Carrier type code nc
Source rdacarrier
504 ## - BIBLIOGRAPHY, ETC. NOTE
Bibliography, etc Includes bibliographical references and index.
650 #7 - SUBJECT ADDED ENTRY--TOPICAL TERM
Topical term or geographic name as entry element Thermodynamics.
Source of heading or term BUEsh
9 (RLIN) 7325
655 ## - INDEX TERM--GENRE/FORM
Form subdivision Reading book
700 1# - ADDED ENTRY--PERSONAL NAME
Personal name Simon, John D.
Fuller form of name (John Douglas),
Dates associated with a name 1957-
Relator term author.
9 (RLIN) 7326
942 ## - ADDED ENTRY ELEMENTS (KOHA)
Source of classification or shelving scheme Dewey Decimal Classification
Koha item type Book - Borrowing
Holdings
Withdrawn status Lost status Source of classification or shelving scheme Damaged status Not for loan Collection code Home library Current library Shelving location Date acquired Source of acquisition Cost, normal purchase price Total Checkouts Full call number Barcode Date last seen Koha item type
    Dewey Decimal Classification     Alef-Baa Central Library Central Library First floor 30/06/2009 Purchase 150.00   541.369 MCQ 000016985 15/07/2025 Book - Borrowing